La Grecia primitiva (Record no. 92587)

MARC details
000 -LEADER
campo de control de longitud fija 00862nam a2200277 i 4500
001 - NÚMERO DE CONTROL
campo de control 92587
003 - IDENTIFICADOR DE NÚMERO DE CONTROL
campo de control ES-MaACL
005 - FECHA Y HORA DE LA ÚLTIMA TRANSACCIÓN
campo de control 20230906181016.0
007 - CAMPO FIJO DE DESCRIPCIÓN FÍSICA--INFORMACIÓN GENERAL
campo de control de longitud fija t|
008 - DATOS DE LONGITUD FIJA--INFORMACIÓN GENERAL
campo de control de longitud fija 050405s1983 sp af |||| | spa d
020 ## - NÚMERO INTERNACIONAL ESTÁNDAR DEL LIBRO
Número Internacional Estándar del Libro 84-7423-219-8
080 ## - NÚMERO DE LA CLASIFICACIÓN DECIMAL UNIVERSAL
Número de la Clasificación Decimal Universal 008(38)
080 ## - NÚMERO DE LA CLASIFICACIÓN DECIMAL UNIVERSAL
Número de la Clasificación Decimal Universal 903(38)
100 1# - ENTRADA PRINCIPAL--NOMBRE DE PERSONA
Nombre de persona Finley, M. I.
9 (RLIN) 50914
245 13 - MENCIÓN DEL TÍTULO
Título La Grecia primitiva
Resto del título : edad del bronce y era arcaica /
Mención de responsabilidad, etc. Moses I. Finley.
250 ## - MENCION DE EDICION
Mención de edición Nueva ed. rev.
260 ## - PUBLICACIÓN, DISTRIBUCIÓN, ETC.
Lugar de publicación, distribución, etc. Barcelona :
Nombre del editor, distribuidor, etc. Crítica,
Fecha de publicación, distribución, etc. 1983.
300 ## - DESCRIPCIÓN FÍSICA
Extensión 178 p., 4 h. de lám. :
Otras características físicas il. ;
Dimensiones 20 cm.
490 1# - MENCIÓN DE SERIE
Mención de serie Serie general. Estudios y ensayos ;
Designación de volumen o secuencia 121
504 ## - NOTA DE BIBLIOGRAFÍA, ETC.
Nota de bibliografía, etc. Bibliografía: p. 163-167.
650 #4 - PUNTO DE ACCESO ADICIONAL DE MATERIA--TÉRMINO DE MATERIA
Término de materia o nombre geográfico como elemento de entrada Civilización griega.
9 (RLIN) 137206
651 ## - PUNTO DE ACCESO ADICIONAL DE MATERIA--NOMBRE GEOGRÁFICO
Nombre geográfico Grecia-
Subdivisión general Restos arqueológicos.
9 (RLIN) 157346
830 0# - PUNTO DE ACCESO ADICIONAL DE SERIE-TÍTULO UNIFORME
Título uniforme Serie general. Estudios y ensayos ;
Designación de volumen o secuencia 121
9 (RLIN) 181534
852 ## - LOCALIZACIÓN
Ubicación ES-MaACL
Número de control de estantería E-10913
Holdings
Estatus retirado Estado de pérdida Estado de daño No para préstamo Biblioteca de origen Biblioteca actual Ubicación en estantería Fecha de adquisición Fuente de adquisición Total de préstamos Signatura topográfica completa Código de barras Visto por última vez Precio de reemplazo Tipo de ítem Koha
        Biblioteca del Ateneo de Madrid Biblioteca del Ateneo de Madrid Depósito 2 17/01/2008     E-10913 1096660 23/02/2023 23/02/2023 Libro impreso